000 00302nam a22001457a 4500
008 221010b ||||| |||| 00| 0 eng d
020 _a9780675172646
041 _aeng
080 _a338
082 _a338 MERR
100 _a23.1
101 _aMEN
245 _aPHYSICS
_cMERRILL
942 _2udc
_cBK
999 _c58450
_d58450